[Event "Hilton Open"]
[Site "Basel SUI"]
[Date "2007.01.03"]
[Round "3"]
[White "Nemet,I"]
[Black "Staechelin,R"]
[Result "1-0"]
[WhiteElo "2367"]
[BlackElo "2141"]

1.d4 d5 2.Nf3 Nf6 3.c4 c6 4.e3 e6 5.Nc3 Nbd7 6.Qc2 Bd6 7.Bd3 O-O 8.O-O h6
9.b3 b6 10.Rd1 Bb7 11.Bb2 Rc8 12.e4 dxe4 13.Nxe4 Nxe4 14.Bxe4 Nf6 15.c5 Be7
16.Bd3 Qd5 17.Re1 Qd8 18.Ne5 Nd5 19.a3 Rc7 20.g3 Nf6 21.Rad1 Qc8 22.Qe2 bxc5
23.dxc5 Bxc5 24.Ng4 Nxg4 25.Qxg4 f5 26.Qc4 Bb6 27.Rxe6 Kh7 28.Rde1 Qd8 29.R1e5 Rd7
30.Rxf5 Rxd3 31.Rxh6+ gxh6 32.Rf7+ Kg6 33.Rg7+  1-0

[Event "Hilton Open"]
[Site "Basel SUI"]
[Date "2007.01.03"]
[Round "3"]
[White "Melkumjanz,N"]
[Black "Varga,Zo"]
[Result "1-0"]
[WhiteElo "2298"]
[BlackElo "2497"]

1.d4 d5 2.Nf3 c6 3.e3 Nf6 4.c4 e6 5.Nc3 Nbd7 6.Bd2 Be7 7.Qc2 O-O 8.b3 h6
9.Be2 dxc4 10.bxc4 c5 11.d5 exd5 12.cxd5 a6 13.a4 Re8 14.O-O b6 15.Rfe1 Nf8
16.Bc4 Bd6 17.h3 Ng6 18.Rab1 Re7 19.Red1 Kh8 20.Bc1 Bc7 21.d6 Bxd6 22.Bxf7 Nf8
23.Bc4 Bb7 24.Bb2 Rd7 25.e4 Bc7 26.Re1 Qe8 27.Nd5 Nxd5 28.exd5 Qh5 29.Ne5 Rxd5
30.Bxd5 Bxd5 31.f4 Kg8 32.Re3 Qh4 33.Rf1 Re8 34.Qd3 Be6 35.Qxa6 Qd8 36.Qe2 Qa8
37.f5 Bxe5 38.Rxe5 Bf7 39.Rxe8 Qxe8  1-0

[Event "Hilton Open"]
[Site "Basel SUI"]
[Date "2007.01.04"]
[Round "4"]
[White "Hohler,P"]
[Black "Buss,Ra"]
[Result "0-1"]
[WhiteElo "2169"]
[BlackElo "2338"]

1.c4 e6 2.Nc3 d5 3.d4 c6 4.e3 Nf6 5.Nf3 Nbd7 6.Bd3 dxc4 7.Bxc4 b5 8.Be2 Bb7
9.O-O a6 10.e4 c5 11.d5 Qc7 12.Ng5 exd5 13.Nxd5 Bxd5 14.exd5 Bd6 15.g3 O-O
16.Bf3 Rad8 17.Ne4 Nxe4 18.Bxe4 Nf6 19.Bf3 Be5 20.Rb1 h6 21.Be3 Rd7 22.Re1 Rfd8
23.Bxc5 Rxd5 24.Bxd5 Rxd5 25.Qe2 Qxc5 26.Rbc1 Qd6 27.Rc8+ Kh7 28.Rc2 g6 29.Rec1 Kg7
30.Rc6 Rd2 31.Qf3 Qb4 32.Rxa6 Bd4 33.Rf1 Qxb2 34.Ra8 h5 35.Qf4 Be5 36.Qe3 Qc3
37.Qb6 Ng4 38.Qb7 Qc5 39.Ra7 Rxf2 40.h3 Rxf1+  0-1

[Event "Petrovskaya Ladya IM"]
[Site "Peterhof RUS"]
[Date "2007.01.04"]
[Round "2"]
[White "Kuznetsov,G"]
[Black "Romcovici,V"]
[Result "1/2-1/2"]
[WhiteElo "2097"]
[BlackElo "2288"]

1.d4 d5 2.Nf3 Nf6 3.c4 e6 4.Nc3 c6 5.e3 Be7 6.Bd3 O-O 7.O-O Nbd7 8.b3 b6
9.Bb2 Bb7 10.e4 dxe4 11.Nxe4 Nxe4 12.Bxe4 Nf6 13.Bc2 c5  1/2-1/2

[Event "Open"]
[Site "Verona ITA"]
[Date "2007.01.05"]
[Round "4"]
[White "Cardili,M"]
[Black "La Manna,F"]
[Result "0-1"]
[WhiteElo "2079"]
[BlackElo "2119"]

1.d4 Nf6 2.c4 e6 3.Nc3 d5 4.Nf3 c6 5.e3 Nbd7 6.Qc2 b6 7.Be2 Bd6 8.O-O O-O
9.Rd1 Qe7 10.e4 dxe4 11.Nxe4 Nxe4 12.Qxe4 Bb7 13.Bf4 Bxf4 14.Qxf4 Rac8 15.Ne5 Rfd8
16.Bf3 Nf6 17.h3 a5 18.b3 h6 19.Kh2 c5 20.Bxb7 Qxb7 21.dxc5 bxc5 22.Ng4 Nxg4+
23.Qxg4 Qb8+ 24.Qg3 Kf8 25.Rxd8+ Rxd8 26.Qxb8 Rxb8 27.Rd1 Ke7 28.Kg3 a4 29.Rd3 axb3
30.axb3 Ra8 31.Kf3 Ra2 32.Ke3 Rb2 33.g4 g5 34.f4 Kf6 35.Kf3 Rb1 36.fxg5+ Kxg5
37.Kg3 Rg1+ 38.Kh2 Rb1 39.Kg3 f5 40.gxf5 Kxf5 41.Kh4 Ke4 42.Rd6 e5 43.Rd5 Kf4
44.Rxc5 e4 45.Rc8 e3 46.Rf8+ Ke4 47.Re8+ Kd3 48.Rd8+ Kc2 49.Re8 Rxb3 50.Kg3 Kd2
51.Kf3 Rd3 52.c5 Rd7 53.Rxe3 Rf7+ 54.Ke4 Re7+ 55.Kd5 Rxe3 56.c6 Rxh3  0-1

[Event "13th Festival A"]
[Site "Zupanja CRO"]
[Date "2007.01.06"]
[Round "4"]
[White "Martinovic,Sa"]
[Black "Ivanisevic,I"]
[Result "1-0"]
[WhiteElo "2378"]
[BlackElo "2602"]

1.Nf3 d5 2.d4 Nf6 3.c4 e6 4.Nc3 c6 5.e3 Nbd7 6.Qc2 Bd6 7.g4 dxc4 8.Bxc4 Nd5
9.Bd2 b6 10.e4 Nxc3 11.Bxc3 b5 12.Be2 b4 13.Bd2 Bb7 14.Be3 Rc8 15.O-O-O c5
16.d5 exd5 17.exd5 O-O 18.Bc4 Nb6 19.Ng5 g6 20.h4 Nxc4 21.Qxc4 Qa5 22.h5 Ba6
23.Qc2 b3 24.axb3 c4 25.b4 Qa1+ 26.Qb1 Qxb1+ 27.Kxb1 c3 28.bxc3 Rxc3 29.Ne4 Bd3+
30.Rxd3 Rxd3 31.Nxd6 Rb8 32.Kc2 Rxd5 33.Ne4 Rc8+ 34.Kb2 Rb5 35.Bd2 Rc4 36.Nd6 Rbxb4+
37.Bxb4 Rxb4+ 38.Kc3 Rxg4 39.h6  1-0

[Event "1st ACP World Rapid Cup"]
[Site "Odessa UKR"]
[Date "2007.01.08"]
[Round "3.1"]
[White "Gelfand,B"]
[Black "Leko,P"]
[Result "1/2-1/2"]
[WhiteElo "2733"]
[BlackElo "2749"]

1.d4 d5 2.c4 c6 3.Nc3 Nf6 4.Nf3 e6 5.e3 Nbd7 6.Qc2 Bd6 7.g4 h6 8.Rg1 e5 9.cxd5 cxd5
10.Nb5 Bb8 11.Bd2 O-O 12.Bb4 Re8 13.g5 hxg5 14.Nxg5 Nf8 15.dxe5 Bxe5 16.Nf3 Ng6
17.Bd3 Bg4 18.Nbd4 Rc8 19.Qb3 Bxd4 20.Nxd4 Ne5 21.Bb5 Bd7 22.Be2 Ne4 23.Qxd5 Qh4
24.Rg2 Bh3 25.Rg3 Nxg3 26.hxg3 Qd8 27.Qxd8 Rexd8 28.Bc3 Nc6 29.Nxc6 Rxc6
30.Bf3 Rc7 31.g4 f5 32.gxf5 Bxf5 33.Kf1 b6 34.Kg2 Re7 35.Rh1 Be4 36.Bxe4 Rxe4
37.Kf3 Re6 38.Rg1 Rd7 39.Ke2 Kh7 40.Rg2 Rg6 41.Rh2+ Rh6 42.Rg2 Rg6 43.Rh2+ Rh6  1/2-1/2

[Event "Petrovskaya Ladya Open"]
[Site "Peterhof RUS"]
[Date "2007.01.09"]
[Round "7"]
[White "Kharitonov,Alek"]
[Black "Balakirev,I"]
[Result "1-0"]
[WhiteElo "2056"]
[BlackElo "2176"]

1.d4 d5 2.Nf3 Nf6 3.c4 c6 4.Nc3 e6 5.e3 Nbd7 6.Bd3 dxc4 7.Bxc4 a6 8.O-O b5
9.Bd3 c5 10.Ne4 Bb7 11.Nxf6+ Nxf6 12.dxc5 Bxc5 13.Qe2 O-O 14.e4 e5 15.Bg5 Qe7
16.Rac1 Bb6 17.Nh4 Rad8 18.Nf5 Qe6 19.Bc2 Bd4 20.Bb3 Qb6 21.Bd5 Rd7 22.Bc6 Bxc6
23.Bxf6 Bxe4 24.Ne7+ Kh8 25.Bxg7+ Kxg7 26.Qg4+ Bg6 27.Qxd7 Bxb2 28.Rc6 Qa5
29.Qd6 Qxa2 30.Qf6+ Kh6 31.Nf5+  1-0

[Event "Petrovskaya Ladya IM"]
[Site "Peterhof RUS"]
[Date "2007.01.10"]
[Round "10"]
[White "Levin,Ev"]
[Black "Kuznetsov,G"]
[Result "1-0"]
[WhiteElo "2393"]
[BlackElo "2097"]

1.d4 d5 2.c4 c6 3.Nc3 Nf6 4.e3 e6 5.Nf3 Nbd7 6.Qc2 Bd6 7.Bd2 O-O 8.O-O-O a6
9.e4 dxe4 10.Nxe4 Nxe4 11.Qxe4 c5 12.Bc3 Qe7 13.dxc5 Bxc5 14.Bd3 f5 15.Qe2 b6
16.Rhe1 Re8 17.Bxf5 exf5 18.Qd3 Ne5 19.Rxe5 Be6 20.Rde1 Qd7 21.Qxd7 Bxd7
22.Rxe8+ Rxe8 23.Rxe8+ Bxe8 24.Bd4 Bxd4 25.Nxd4 Bd7 26.f4 Kf7 27.b4 Kg6 28.Kd2 Kh5
29.Ke3 g5 30.Nf3 h6 31.Ne5 Be6 32.g3 Bc8 33.a4 Be6 34.a5 bxa5 35.bxa5 Bc8
36.c5 Be6 37.c6 Bc8 38.h3 Be6 39.c7 Bc8 40.Nc6  1-0

[Event "Keres Mem B"]
[Site "Tallinn EST"]
[Date "2007.01.11"]
[Round "8"]
[White "Jegorovas,A"]
[Black "Rogule,L"]
[Result "0-1"]
[WhiteElo "2262"]
[BlackElo "2329"]

1.d4 d5 2.c4 e6 3.Nf3 Nf6 4.Nc3 c6 5.e3 Nbd7 6.Qc2 a6 7.b3 Bd6 8.Bb2 O-O
9.Be2 Qe7 10.c5 Bc7 11.e4 e5 12.exd5 cxd5 13.b4 e4 14.Nd2 Re8 15.Nf1 Nf8
16.Ne3 Be6 17.O-O-O b6 18.Na4 Reb8 19.a3 Bd7 20.Kb1 Bxa4 21.Qxa4 a5 22.b5 bxc5
23.dxc5 Qxc5 24.Rc1 Qd6 25.Rc6 Qd8 26.Bxf6 gxf6 27.Qd4 Ne6 28.Qxd5 Qf8 29.Bc4 Be5
30.Nc2 Nd8 31.f4 Nxc6 32.Qxc6 Bxf4 33.Qxe4 Be5 34.Bd3 Qc5 35.Qh4 Qc3 36.Qxh7+ Kf8
37.Kc1 Bf4+ 38.Kb1 Qb3+  0-1

[Event "TCh-NOR 2006-7"]
[Site "Oslo NOR"]
[Date "2007.01.12"]
[Round "4"]
[White "Lahlum,H"]
[Black "Ulrichsen,J"]
[Result "1/2-1/2"]
[WhiteElo "2211"]
[BlackElo "2228"]

1.d4 d5 2.c4 c6 3.Nc3 Nf6 4.e3 e6 5.Nf3 Nbd7 6.Bd3 Bd6 7.e4 dxe4 8.Nxe4 Nxe4
9.Bxe4 O-O 10.O-O e5 11.dxe5 Nxe5 12.Nxe5 Bxe5 13.Bxh7+ Kxh7 14.Qh5+ Kg8
15.Qxe5 Re8 16.Qc3 Bf5 17.Be3 Qd3 18.Qb4 Be4 19.Rad1 Qe2 20.Rd2 Qh5 21.f3 Bg6
22.Qxb7 Qe5 23.Bf2 Qa5 24.b4 Qa3 25.Qxc6 Qxb4 26.Qd5 Bf5 27.c5 Be6 28.Qd4 Qa5
29.Rb2 Rad8 30.Qb4 Qxb4 31.Rxb4 Bxa2 32.Rc1 Bd5 33.Bg3 Bc6 34.Bc7 Rd7 35.Bd6 f6
36.Ra1 Rb7 37.Rab1 Rxb4 38.Rxb4 Kf7 39.Kf2 Ke6 40.Ke3 Rh8 41.Rd4 Rd8 42.Rd1 Rd7
43.Kd4 a5 44.Re1+ Kf7 45.Rb1 Rb7 46.Rb6 Rxb6 47.cxb6 Ke6 48.Ba3 Kd7 49.Kc5 g6
50.h4 f5 51.Bb2 a4 52.Bc1 Bb7 53.Kb5 Kc8 54.Kxa4 Ba6 55.Kb4 Bf1 56.g4 fxg4
57.fxg4 Be2 58.g5 Kb7 59.Kc5 Bh5 60.Be3 Bg4 61.Kd6 Bh5 62.Ke6 Kc6 63.Kf6 Kb7
64.Ke6  1/2-1/2

[Event "TCh-NOR 2006-7"]
[Site "Oslo NOR"]
[Date "2007.01.12"]
[Round "4"]
[White "Abrahamsson,R"]
[Black "Johansen,P"]
[Result "0-1"]
[WhiteElo "2039"]
[BlackElo "2108"]

1.d4 d5 2.c4 c6 3.Nc3 Nf6 4.Nf3 e6 5.e3 Nbd7 6.Bd3 Bd6 7.O-O O-O 8.e4 dxe4
9.Nxe4 Nxe4 10.Bxe4 h6 11.Bc2 Nf6 12.b3 Qe7 13.Ne5 Rd8 14.Qe2 c5 15.Bb2 cxd4
16.Bxd4 Bc5 17.Bxc5 Qxc5 18.Rad1 Bd7 19.Nxd7 Rxd7 20.Rxd7 Nxd7 21.Qe4 Nf6
22.Qxb7 Rd8 23.Qf3 Qa5 24.Rd1 Rxd1+ 25.Qxd1 g6 26.a4 h5 27.h3 Qc3 28.Bb1 h4
29.Kf1 Nh5 30.Qc2 Qe5 31.c5 Qh2 32.Qe4 Nf4 33.Ke1 Qg1+ 34.Kd2 Qxf2+ 35.Kc3 Qxc5+
36.Kb2 Qf2+ 37.Ka3 Nd5 38.b4 Qf6 39.Qc4 Qa1+ 40.Ba2 Nc3 41.Qb3 Qc1+ 42.Qb2 Qxb2+
43.Kxb2 Nxa4+  0-1

[Event "Keres Mem A"]
[Site "Tallinn EST"]
[Date "2007.01.12"]
[Round "9"]
[White "Ivanov,Sergey1"]
[Black "Sulashvili,M"]
[Result "1-0"]
[WhiteElo "2534"]
[BlackElo "2455"]

1.d4 d5 2.c4 c6 3.Nc3 e6 4.e3 Nf6 5.Nf3 a6 6.Bd3 c5 7.b3 Nc6 8.O-O Be7 9.Bb2 O-O
10.Rc1 cxd4 11.exd4 b6 12.Qe2 Bb7 13.Rcd1 Re8 14.Rfe1 Bf8 15.Bb1 g6 16.Ne5 Bg7
17.Qf3 Qc7 18.cxd5 Nxd5 19.Nxd5 exd5 20.Ng4 Qd6 21.Ne3 Rad8 22.h4 Qb4 23.Rf1 Qe7
24.g3 Qf6 25.Qxf6 Bxf6 26.a3 h5 27.b4 Ne7 28.Rc1 Rc8 29.Ba2 Kg7 30.a4 Red8
31.Bb3 Ba8 32.b5 axb5 33.axb5 Bb7 34.Rfd1 Rxc1 35.Rxc1 Rd7 36.Kf1 Kf8 37.Ke2 Ke8
38.Kd3 Kd8 39.Ba3 Nc8 40.Bb4 Na7 41.Ba4 Be7 42.Bxe7+ Kxe7 43.Nd1 Kd6 44.Nc3 Rc7
45.Bb3 Bc8 46.Re1 Be6 47.Re5 Rc8 48.f3 f6 49.Re1 Bf7 50.Ra1 Rc7 51.g4 Nc8
52.gxh5 gxh5 53.Ra8 Be6 54.Rb8 Bf5+ 55.Kd2 Be6 56.f4 f5 57.Kd3 Rg7 58.Bxd5 Bxd5
59.Rxc8 Rg3+ 60.Kd2 Be4 61.d5 Rg2+ 62.Ke3 Rg3+ 63.Kd4 Rd3+ 64.Kc4 Rf3 65.Rc6+ Kd7
66.Rxb6 Rxf4 67.Kd4 Rxh4 68.Ke5 Bd3 69.d6 Rb4 70.Rb7+ Kd8 71.b6 Be4 72.Nxe4 Rxe4+
73.Kxf5 Re1 74.Rc7 Rf1+ 75.Ke4 Re1+ 76.Kf3 Rb1 77.b7  1-0

[Event "zt 3.3"]
[Site "Phu Quoc VIE"]
[Date "2007.01.13"]
[Round "3"]
[White "Tran Thanh Tu"]
[Black "Antonio,R"]
[Result "1/2-1/2"]
[WhiteElo "2282"]
[BlackElo "2551"]

1.d4 d5 2.Nf3 c6 3.e3 Nf6 4.c4 e6 5.Nc3 Nbd7 6.Bd3 dxc4 7.Bxc4 b5 8.Bd3 Bb7
9.e4 b4 10.Na4 c5 11.e5 Nd5 12.Nxc5 Nxc5 13.dxc5 Bxc5 14.Bb5+ Kf8 15.O-O h6
16.Qe2 Qb6 17.Bd3 g6 18.Bd2 Kg7 19.Rac1 a5 20.h4 Rad8 21.Rfd1 Ne7 22.Bf4 Nf5
23.Bxf5 gxf5 24.Ne1 Rd5 25.Rxd5 Bxd5 26.Nd3 Bd4 27.Qh5 Be4 28.Bg5 hxg5 29.Qxg5+ Kh7
30.Qh5+ Kg7 31.Qg5+ Kh7 32.Qh5+  1/2-1/2

[Event "zt 3.3"]
[Site "Phu Quoc VIE"]
[Date "2007.01.13"]
[Round "4"]
[White "Le Quang Liem"]
[Black "Bui Vinh"]
[Result "1-0"]
[WhiteElo "2500"]
[BlackElo "2485"]

1.d4 d5 2.c4 c6 3.Nf3 Nf6 4.e3 e6 5.Nc3 Nbd7 6.Qc2 Bd6 7.g4 Bb4 8.Bd2 Qe7
9.Rg1 h6 10.O-O-O b6 11.Kb1 Bb7 12.cxd5 exd5 13.Bd3 O-O-O 14.Nb5 Bxd2 15.Nxd2 Kb8
16.Nc3 c5 17.dxc5 Nxc5 18.Nf3 Nfe4 19.Bxe4 dxe4 20.Nd4 g6 21.Rd2 Rc8 22.a3 Qe5
23.Ndb5 Rhd8 24.Rgd1 Rd3 25.h3 Qe6 26.Rxd3 Nxd3 27.f3 a6 28.Qh2+ Qe5 29.Qxe5+ Nxe5
30.Nd6 exf3 31.Nxc8 Kxc8 32.e4 a5 33.a4 Nc4 34.Kc1 Ne3 35.Rd2 f5 36.gxf5 gxf5
37.exf5 Nxf5 38.Kd1 Ne3+ 39.Ke1 Nc4 40.Rc2 Kd8 41.Kf2 Nd6 42.Rd2 Ke7 43.Rd4 Ke6
44.Rh4 Nf5 45.Rc4 Kd6 46.Nb5+ Ke5 47.Rc7 Bd5 48.Nc3  1-0

[Event "zt 3.3"]
[Site "Phu Quoc VIE"]
[Date "2007.01.13"]
[Round "4"]
[White "Batchuluun,C"]
[Black "Gundavaa,B"]
[Result "1/2-1/2"]
[WhiteElo "2412"]
[BlackElo "2256"]

1.d4 d5 2.c4 c6 3.Nf3 Nf6 4.Nc3 e6 5.e3 Nbd7 6.Bd3 dxc4 7.Bxc4 b5 8.Bd3 Bb7
9.e4 b4 10.Na4 c5 11.e5 Nd5 12.O-O cxd4 13.Re1 g6 14.Bg5 Qa5 15.Nxd4 a6 16.a3 bxa3
17.bxa3 Bg7 18.Bd2 Qd8 19.Rb1 Rb8 20.Rxb7 Rxb7 21.Bxa6 Rc7 22.Ba5 O-O 23.Bc4 Nxe5
24.Bxd5 exd5 25.Nc3 Qd7 26.Bxc7 Qxc7 27.Nxd5 Qc5 28.Nc2 h5 29.h3 Rb8 30.Re3 Nc4
31.Re7 Rd8 32.Ncb4 Ne5 33.Qd2 Kf8 34.Rb7 Qc8 35.Ra7 Qc5 36.Rb7 Qc8 37.Nb6 Rxd2
38.Nxc8 Nc4 39.Nc6 Ne5 40.N8e7 Bf6 41.Rb8+ Kg7 42.Rb5 Nc4 43.a4 Ra2 44.a5 Ra1+
45.Kh2 Bxe7 46.Nxe7 Rxa5 47.Rxa5 Nxa5  1/2-1/2

[Event "Open A"]
[Site "Prague CZE"]
[Date "2007.01.13"]
[Round "3"]
[White "Juptner,J"]
[Black "Bilek,Ma"]
[Result "1-0"]
[WhiteElo "2285"]
[BlackElo "1901"]

1.d4 d5 2.c4 e6 3.Nc3 c6 4.Nf3 Nf6 5.e3 Nbd7 6.Bd3 dxc4 7.Bxc4 b5 8.Bd3 Bb7
9.e4 Nb6 10.e5 Nfd5 11.Ne4 a6 12.O-O Rc8 13.Bg5 Qd7 14.Rc1 Na4 15.Qe2 h6
16.Be3 Be7 17.b3 Nab6 18.Nc5 Bxc5 19.dxc5 Nxe3 20.fxe3 Nd5 21.Nd2 O-O 22.Ne4 f6
23.Nd6 Rb8 24.e4 Nc7 25.exf6 gxf6 26.Qh5 Ne8 27.Rf3 Nxd6 28.Rg3+ Kh8 29.cxd6 Rf7
30.Qxh6+ Rh7 31.Qxf6+ Rg7 32.Rc5 Ba8 33.Rh5+ Kg8 34.Rxg7+  1-0

[Event "Corus B"]
[Site "Wijk aan Zee NED"]
[Date "2007.01.13"]
[Round "1"]
[White "Sargissian,G"]
[Black "Smeets,J"]
[Result "0-1"]
[WhiteElo "2658"]
[BlackElo "2538"]

1.d4 d5 2.c4 c6 3.Nf3 Nf6 4.Nc3 e6 5.e3 Nbd7 6.Qc2 Bd6 7.g4 h6 8.Bd2 dxc4
9.Bxc4 b5 10.Be2 Bb7 11.g5 hxg5 12.Nxg5 Qb6 13.Nce4 Nxe4 14.Nxe4 Be7 15.b4 a5
16.bxa5 Rxa5 17.Nc5 Nxc5 18.dxc5 Bxc5 19.Bxa5 Qxa5+ 20.Kf1 Bd6 21.Bf3 Ke7
22.h4 b4 23.Rd1 g5 24.Qe4 Ba6+ 25.Be2 Qxa2 26.Bxa6 Qxa6+ 27.Kg2 Qb5 28.h5 b3
29.Rd2 f5 30.Qb1 Be5 31.Rd3 b2 32.Qc2 Ra8 33.Rhd1 c5 34.e4 Ra1 35.exf5 b1=Q
36.Rxb1 Rxb1 37.fxe6 g4 38.Qd2 Qc6+  0-1

[Event "Corus B"]
[Site "Wijk aan Zee NED"]
[Date "2007.01.13"]
[Round "1"]
[White "Atalik,S"]
[Black "Stellwagen,D"]
[Result "1/2-1/2"]
[WhiteElo "2586"]
[BlackElo "2585"]

1.c4 c6 2.Nf3 d5 3.e3 Nf6 4.Nc3 e6 5.d4 Nbd7 6.Bd3 dxc4 7.Bxc4 b5 8.Bd3 Bb7
9.a3 Bd6 10.Bd2 a5 11.Rc1 O-O 12.Ne4 Nxe4 13.Bxe4 Rc8 14.O-O Nf6 15.Bd3 c5
16.Bxb5 Ng4 17.Re1 cxd4 18.Rxc8 Qxc8 19.exd4 Qb8 20.Bd3 Bxh2+ 21.Kf1 Bf4
22.Ne5 Bxd2 23.Qxd2 Nxe5 24.Rxe5 Bd5 25.Kg1 Qb6 26.b4 axb4 27.axb4 g6 28.Qc3 Qb7
29.Bf1 Rc8 30.Qb2 Qc6 31.b5 Qc1 32.Re2 Qd1 33.Rd2 Qe1 34.Re2 Qd1  1/2-1/2

[Event "TCh-BEL 2006-7"]
[Site "Belgium BEL"]
[Date "2007.01.14"]
[Round "6"]
[White "Chabanon,JL"]
[Black "Libiszewski,F"]
[Result "1/2-1/2"]
[WhiteElo "2417"]
[BlackElo "2469"]

1.d4 d5 2.c4 c6 3.Nf3 Nf6 4.Nc3 e6 5.e3 a6 6.a3 Nbd7 7.Bd3 dxc4 8.Bxc4 c5
9.dxc5 Bxc5 10.b4 Be7 11.Bb2 b5 12.Bd3 Bb7 13.O-O Rc8 14.Qe2 Qc7 15.Rac1 Qb8
16.Nd2 O-O 17.Nce4 Nxe4 18.Bxe4 Bxe4 19.Nxe4 Nb6 20.Qg4 e5 21.Rxc8 Qxc8 22.Qxc8 Rxc8
23.Bxe5 Nc4 24.Rc1 Ra8 25.f4 Nxa3 26.Bd6 Bd8 27.Nd2 Bf6 28.Rc6 h6 29.Kf2 a5
30.bxa5 Rxa5 31.Rc8+ Kh7 32.Ne4 Bb2 33.Rb8 Nc4 34.Bb4 Ra2 35.Kf3 Bc1 36.Nd6 Rb2
37.Bc5 Rb3 38.Rxb5 Rxb5 39.Nxb5 f5 40.Nd4 Bxe3 41.Ne6  1/2-1/2

[Event "4NCL 2006-07"]
[Site "Coventry ENG"]
[Date "2007.01.14"]
[Round "6"]
[White "Flear,G"]
[Black "Haslinger,S"]
[Result "1/2-1/2"]
[WhiteElo "2480"]
[BlackElo "2451"]

1.d4 d5 2.c4 c6 3.Nc3 Nf6 4.e3 e6 5.Nf3 a6 6.Qc2 c5 7.cxd5 exd5 8.Be2 Nc6
9.Ne5 cxd4 10.Nxc6 bxc6 11.exd4 Bd6 12.O-O O-O 13.Bg5 Rb8 14.Rad1 Re8 15.Rfe1 Re6
16.Bf3 Qe7 17.Rxe6 Qxe6 18.Bd2 Qe7 19.Re1 Qc7 20.g3 Qb6 21.Na4 Qxd4 22.Bc3 Qc4
23.Be2 Qe4 24.Bd3 Qf3 25.Re3 Qh5 26.Bxf6 gxf6 27.Be2 Qf5  1/2-1/2

[Event "Corus C"]
[Site "Wijk aan Zee NED"]
[Date "2007.01.14"]
[Round "2"]
[White "Peng Zhaoqin"]
[Black "Berg,E"]
[Result "1/2-1/2"]
[WhiteElo "2431"]
[BlackElo "2586"]

1.Nf3 d5 2.d4 Nf6 3.c4 e6 4.Nc3 c6 5.e3 Nbd7 6.Qc2 Bd6 7.Be2 dxc4 8.Bxc4 a6
9.O-O c5 10.dxc5 Bxc5 11.a4 Qc7 12.Ne4 Nxe4 13.Qxe4 Nf6 14.Qh4 Be7 15.Bd2 Nd5
16.Qe4 Nf6 17.Qd3 O-O 18.Rfc1 Rd8 19.Qb3 Ne4 20.Be2 Nxd2 21.Nxd2 Qb8 22.Nc4 b5
23.axb5 axb5 24.Rxa8 Qxa8 25.Nb6 Qb8 26.Nxc8 Rxc8 27.Rxc8+ Qxc8 28.Qxb5 Qc5
29.Qe8+ Bf8 30.b3 Qb4 31.Qa4 g6 32.Kf1 Qd2 33.Qc4 Bb4 34.g3 Qc3 35.Qxc3 Bxc3
36.Bb5 h5 37.Ke2 Kf8 38.h3 Ke7 39.g4 hxg4 40.hxg4 g5 41.Kd3 Be1 42.f3 f6
43.Ba6 e5  1/2-1/2

[Event "ch-BLR"]
[Site "Minsk BLR"]
[Date "2007.01.15"]
[Round "6"]
[White "Maiorov,N"]
[Black "Novitzkij,D"]
[Result "0-1"]
[WhiteElo "2516"]
[BlackElo "2350"]

1.d4 Nf6 2.c4 c6 3.Nc3 d5 4.e3 e6 5.Nf3 Nbd7 6.Qc2 Bd6 7.b3 O-O 8.Be2 a6
9.O-O e5 10.cxd5 cxd5 11.dxe5 Nxe5 12.Bb2 Nc6 13.Rfd1 Be6 14.Rac1 Rc8 15.Qb1 Qe7
16.h3 Rfd8 17.Bf1 Bb8 18.Ne2 Ne4 19.Ned4 Nxd4 20.Bxd4 f6 21.Bd3 Bf7 22.Rxc8 Rxc8
23.Rc1 Re8 24.Qc2 Qd6 25.Kf1 Bg6 26.Qd1 Bh5 27.Be2 Bg6 28.Bb2 Ba7 29.Bd4 Bb8
30.a4 h6 31.Bd3 Bh5 32.Be2 Bf7 33.Qc2 Be6 34.Qb2 Qb4 35.Bd3 Bf7 36.Kg1 Qd6
37.g3 Bh5 38.Ne1 Qe6 39.Bf1 Ng5 40.Kh2 Nf3+ 41.Nxf3 Bxf3 42.Be2 Be4 43.Qd2 Bf5
44.Bf1 h5 45.f4 Be4 46.Qf2 Rc8 47.Rxc8+ Qxc8 48.Qd2 Qc2 49.Qxc2 Bxc2 50.a5 Bxb3
51.Be2 Bc7 52.Bb6 Bxb6 53.axb6 Bc4 54.Bxh5 Kf8 55.Bd1 Ke7 56.h4 Bb5 57.g4 a5
58.Bf3 a4 59.Bxd5 a3 60.h5 Be8 61.Ba2 Bf7 62.Bb1 a2 63.Bxa2 Bxa2 64.Kg3 Bd5
65.Kh4 f5 66.g5 Bf3 67.h6 gxh6 68.gxh6 Kf6  0-1

[Event "XXXII Open"]
[Site "Seville ESP"]
[Date "2007.01.15"]
[Round "9"]
[White "Aranaz Portugues,J"]
[Black "Coimbra,M"]
[Result "1/2-1/2"]
[WhiteElo "2180"]
[BlackElo "2061"]

1.d4 d5 2.c4 c6 3.Nc3 Nf6 4.e3 e6 5.Nf3 a6 6.cxd5 cxd5 7.Ne5 Nc6 8.f4 Nd7
9.Bd3 Be7 10.O-O O-O 11.Bd2 Nb4 12.Bb1 f5 13.a3 Nc6 14.Ba2 Nf6 15.Rc1 Nxe5
16.fxe5 Ne4 17.Nxe4 fxe4 18.Rxf8+ Bxf8 19.Qg4 Bd7 20.h4 Rc8 21.Rxc8 Qxc8
22.Bb3 Be7 23.g3 Qc7 24.Qd1 Be8 25.Qc2 Qxc2 26.Bxc2 Bh5 27.Kf2 Kf7 28.Ba5 b5
29.Bb6 Ke8 30.Ke1 g5 31.hxg5 Bxg5 32.Kd2 Kf7 33.a4 Kg6 34.b4 Kf5 35.a5 Be7
36.Bc5 Bg5 37.Ba4 Be8 38.Bd1 Bf7 39.g4+ Kg6 40.Be2 Be8 41.Bf8 Kf7 42.Bc5  1/2-1/2

[Event "zt 3.3"]
[Site "Phu Quoc VIE"]
[Date "2007.01.16"]
[Round "7"]
[White "Dao Thien Hai"]
[Black "Batchuluun,C"]
[Result "1-0"]
[WhiteElo "2559"]
[BlackElo "2412"]

1.d4 d5 2.c4 c6 3.Nf3 Nf6 4.e3 e6 5.Nc3 Nbd7 6.Qc2 Bd6 7.g4 h6 8.Rg1 e5 9.h3 dxc4
10.Bxc4 Qe7 11.Bd2 e4 12.g5 exf3 13.gxf6 Nxf6 14.Rxg7 Be6 15.Bd3 Nh5 16.Rg1 Nf4
17.O-O-O Nxh3 18.Rgf1 O-O-O 19.d5 Bg4 20.Qa4 h5 21.dxc6 Kb8 22.Nb5 bxc6 23.Nxd6 Qxd6
24.Bc3 Rhe8 25.Be4 Qc5 26.Bxc6 Rxd1+ 27.Rxd1 Nxf2 28.Rd5 Qxe3+ 29.Bd2 Nd3+
30.Kc2 Ne1+ 31.Bxe1 Qe2+ 32.Bd2 Qe4+ 33.Qxe4 Rxe4 34.Rb5+ Kc7 35.Bxe4 f2
36.Rb7+  1-0

[Event "TCh-AUT 2006-7"]
[Site "Leoben AUT"]
[Date "2007.01.18"]
[Round "4"]
[White "Horvath,Cs1"]
[Black "Korneev,O"]
[Result "1/2-1/2"]
[WhiteElo "2538"]
[BlackElo "2606"]

1.d4 d5 2.c4 c6 3.Nc3 Nf6 4.e3 e6 5.Nf3 Nbd7 6.Qc2 Bd6 7.Bd3 O-O 8.O-O dxc4
9.Bxc4 b5 10.Be2 Bb7 11.Rd1 Qc7 12.e4 e5 13.Bg5 exd4 14.Rxd4 Bc5 15.Rdd1 Ng4
16.Bh4 Rac8 17.Bg3 Nde5 18.Nh4 Qb6 19.Bxg4 Nxg4 20.Nf5 Rfe8 21.e5 Bf8 22.Nd6 Bxd6
23.exd6 Rcd8 24.b4 c5 25.d7 Re6 26.Nd5 Bxd5 27.Rxd5 Nf6 28.Rxc5 Rxd7 29.Rd1  1/2-1/2

[Event "ch-BLR"]
[Site "Minsk BLR"]
[Date "2007.01.18"]
[Round "9"]
[White "Tihonov,J"]
[Black "Novitzkij,D"]
[Result "1/2-1/2"]
[WhiteElo "2501"]
[BlackElo "2350"]

1.Nf3 Nf6 2.c4 c6 3.Nc3 d5 4.e3 e6 5.d4 Nbd7 6.Qc2 Bd6 7.g4 h6 8.Bd2 dxc4
9.Bxc4 b5 10.Be2 Bb7 11.Rg1 Rc8 12.a3 a5 13.e4 b4 14.axb4 axb4 15.e5 bxc3
16.Bxc3 c5 17.exd6 cxd4 18.Nxd4 Nc5 19.Bb5+ Kf8 20.Bb4 Qxd6 21.Nc6 Rxc6 22.Bxc6 Nd3+
23.Qxd3 Qxb4+ 24.Qd2 Qxd2+ 25.Kxd2 Bxc6 26.Rgc1 Be8 27.Rc8 g5 28.b4 Kg7 29.Raa8 Rg8
30.Rab8 Bc6 31.Rxg8+ Nxg8 32.b5 Bd5 33.b6 Nf6 34.Rd8 Bg2 35.h3 Kg6 36.Rd3 Bd5
37.Ke3 Nd7 38.b7 Kf6 39.Rc3 Bxb7 40.Rc7 Bg2 41.Rxd7 Bxh3 42.f3 Bf1 43.Rc7 Bb5
44.Rc5 Ba4 45.Rc3 Kg6 46.Rc7 Bb3 47.Rb7 Bd5 48.Rd7 f6 49.f4 gxf4+ 50.Kxf4 h5
51.gxh5+ Kxh5 52.Rg7 Kh6 53.Rg1 Bc6 54.Re1 Bd7 55.Rd1 e5+ 56.Ke4 Be8 57.Kf5 Kg7
58.Ke6 Bf7+ 59.Kf5 Bg6+ 60.Ke6  1/2-1/2

[Event "Stone Flower A"]
[Site "Nizhnij Tagil RUS"]
[Date "2007.01.18"]
[Round "4"]
[White "Zhumabayev,R"]
[Black "Iskusnyh,S"]
[Result "1/2-1/2"]
[WhiteElo "2421"]
[BlackElo "2482"]

1.d4 Nf6 2.c4 c6 3.Nc3 d5 4.e3 e6 5.Nf3 a6 6.Bd3 dxc4 7.Bxc4 b5 8.Be2 c5
9.O-O Bb7 10.dxc5 Bxc5 11.Qxd8+ Kxd8 12.Bd2 Nbd7 13.a3 Ke7 14.b4 Bd6 15.a4  1/2-1/2

[Event "Corus B"]
[Site "Wijk aan Zee NED"]
[Date "2007.01.18"]
[Round "5"]
[White "Sargissian,G"]
[Black "Georgiev,Vl"]
[Result "1/2-1/2"]
[WhiteElo "2658"]
[BlackElo "2525"]

1.d4 d5 2.c4 c6 3.Nc3 Nf6 4.Nf3 e6 5.e3 Nbd7 6.Qc2 Bd6 7.g4 h6 8.Bd2 dxc4
9.Bxc4 b5 10.Be2 Bb7 11.Rg1 Rc8 12.h4 b4 13.Na4 c5 14.dxc5 a5 15.a3 Nxc5
16.axb4 axb4 17.Nxc5 Rxc5 18.Qa4+ Bc6 19.Qa6 O-O 20.Bxb4 Rc2 21.Bxd6 Qxd6
22.Nd4 Qh2 23.Rf1 Rxb2 24.Qxc6 Nd5 25.Ra8 Rxa8 26.Qxa8+ Rb8 27.Qa3 Rb1+ 28.Kd2 Rxf1
29.Bxf1 Qxf2+ 30.Be2 Qxh4 31.Qd6 Qg5 32.Qa3 Qh4 33.Qa8+ Kh7 34.Qa6 Qg5 35.Qd3+ Kg8
36.Bf3 Qe5 37.Bxd5 Qxd5 38.Ne2 Qa5+ 39.Qc3 Qd5+ 40.Qd4 Qa5+ 41.Nc3 h5 42.gxh5 Qxh5
43.Qd8+ Kh7 44.Ne4 Qh2+ 45.Kd3 Qh1 46.Nd2 Qh5 47.Qd7 Qf5+ 48.Ke2 Qg4+ 49.Kd3 Qf5+  1/2-1/2

[Event "ch-GER"]
[Site "Koenigshofen GER"]
[Date "2007.01.19"]
[Round "1"]
[White "Knuth,H"]
[Black "Buhmann,R"]
[Result "0-1"]
[WhiteElo "2301"]
[BlackElo "2547"]

1.d4 d5 2.c4 c6 3.Nc3 Nf6 4.Nf3 e6 5.e3 Nbd7 6.Bd3 dxc4 7.Bxc4 b5 8.Bd3 a6
9.e4 c5 10.e5 cxd4 11.Nxb5 axb5 12.exf6 gxf6 13.Nxd4 Qb6 14.Be3 Bb4+ 15.Ke2 Bc5
16.Nxb5 Bxe3 17.fxe3 Rg8 18.Kf2 Bb7 19.Bf1 Nc5 20.Nd6+ Qxd6  0-1

[Event "TCh-AUT 2006-7"]
[Site "Leoben AUT"]
[Date "2007.01.20"]
[Round "6"]
[White "Schwarz,Mic"]
[Black "Diermair,A"]
[Result "1-0"]
[WhiteElo "2402"]
[BlackElo "2391"]

1.c4 c6 2.Nf3 d5 3.e3 Nf6 4.Nc3 e6 5.d4 a6 6.Be2 dxc4 7.Bxc4 b5 8.Be2 c5
9.O-O Bb7 10.dxc5 Qxd1 11.Rxd1 Bxc5 12.Nd2 Nbd7 13.Nb3 Bb6 14.a4 b4 15.a5 Ba7
16.Na2 Bd5 17.Nd4 Bc5 18.Bd2 e5 19.Nf3 b3 20.Nb4 Bb7 21.Rac1 Bd6 22.Be1 Ne4
23.Ng5 Nxg5 24.Rxd6 Ke7 25.Rcd1 Rhd8 26.Nc6+ Bxc6 27.Rxc6 Ne6 28.Rxa6 Nec5
29.Rad6 Nf6 30.Rxd8 Rxd8 31.Rxd8 Kxd8 32.Bc4 Na4 33.Bxb3 Nxb2 34.Bc3 Nd3
35.Bc4 Ne4 36.a6 Kc8 37.a7  1-0